MARC details
| 000 -CABECERA |
| campo de control de longitud fija |
01348nam a2200253 a 4500 |
| 001 - NÚMERO DE CONTROL |
| campo de control |
000041247 |
| 005 - FECHA Y HORA DE LA ÚLTIMA TRANSACCIÓN |
| campo de control |
20201002034726.0 |
| 008 - DATOS DE LONGITUD FIJA--INFORMACIÓN GENERAL |
| campo de control de longitud fija |
130927s1984 sp 000 0 spa d |
| 020 ## - NÚMERO INTERNACIONAL ESTÁNDAR DEL LIBRO |
| Número Internacional Estándar del Libro |
8400056779 |
| 040 ## - FUENTE DE LA CATALOGACIÓN |
| Centro catalogador/agencia de origen |
DO-SdBNP |
| Lengua de catalogación |
spa |
| Centro/agencia transcriptor |
BNPHU |
| 100 1# - ENTRADA PRINCIPAL--NOMBRE DE PERSONA |
| Nombre de persona |
Morales, Cristóbal de. |
| 9 (RLIN) |
67838 |
| 245 10 - MENCIÓN DE TÍTULO |
| Título |
Cristóbal de Morales : |
| Resto del título |
[Música impresa]: opera omnia / |
| Mención de responsabilidad, etc. |
Cristóbal de Morales ; transcripción y estudio por Higinio Anglés. |
| 260 ## - PUBLICACIÓN, DISTRIBUCIÓN, ETC. |
| Lugar de publicación, distribución, etc. |
Roma : |
| Nombre del editor, distribuidor, etc. |
Consejo Superior de Investigaciones Científicas : |
| -- |
Delegación de Roma, |
| Fecha de publicación, distribución, etc. |
1984. |
| 300 ## - DESCRIPCIÓN FÍSICA |
| Extensión |
v. de partituras : |
| Otras características físicas |
il., mús. ; |
| Dimensiones |
32 cm. |
| 490 1# - MENCIÓN DE SERIE |
| Mención de serie |
Monumentos de la música española |
| Designación de volumen o secuencia |
13 |
| 500 ## - NOTA GENERAL |
| Nota general |
La biblioteca posee el v. 2 |
| 500 ## - NOTA GENERAL |
| Nota general |
Reimpresión |
| 504 ## - NOTA DE BIBLIOGRAFÍA, ETC. |
| Nota de bibliografía, etc. |
Incluye referencias bibliográficas y notas al pie de las páginas |
| 505 0# - NOTA DE CONTENIDO CON FORMATO |
| Información miscelánea |
v.1: |
| Título |
Missarum Liber Primus : (Roma, 1544) -- |
| Información miscelánea |
v.2: |
| Título |
Motetes I-XXV -- |
| Información miscelánea |
v.3: |
| Título |
Missarum Liber Secundus : (Roma, 1544) -- |
| Información miscelánea |
v.4: |
| Título |
XVI Magnificat : (Venecia, 1545) -- |
| Información miscelánea |
v.5: |
| Título |
Motetes XXVI-L -- |
| Información miscelánea |
v.6: |
| Título |
Missarum Liber Secundus : (Roma, 1544) -- |
| Información miscelánea |
v.7: |
| Título |
Misas XVII-XXI -- |
| Información miscelánea |
v.8: |
| Título |
Motetes LI-LXXV |
| 700 1# - PUNTO DE ACCESO ADICIONAL--NOMBRE DE PERSONA |
| Nombre de persona |
Anglés, Higinio. |
| 9 (RLIN) |
67839 |
| 710 2# - PUNTO DE ACCESO ADICIONAL--NOMBRE DE ENTIDAD CORPORATIVA |
| Nombre de entidad corporativa o nombre de jurisdicción como elemento de entrada |
Consejo Superior de Investigaciones Científicas (España) |
| 9 (RLIN) |
15178 |
| 710 2# - PUNTO DE ACCESO ADICIONAL--NOMBRE DE ENTIDAD CORPORATIVA |
| Nombre de entidad corporativa o nombre de jurisdicción como elemento de entrada |
Escuela Española de Historia y Arqueología en Roma |
| 9 (RLIN) |
65401 |
| 830 #0 - PUNTO DE ACCESO ADICIONAL DE SERIE-TÍTULO UNIFORME |
| Título uniforme |
Monumentos de la música española |
| Número de parte o sección de la obra |
13 |
| 9 (RLIN) |
67840 |